<?xml version="1.0" encoding="UTF-8"?>
<record
    xmlns:xsi="http://www.w3.org/2001/XMLSchema-instance"
    xsi:schemaLocation="http://www.loc.gov/MARC21/slim http://www.loc.gov/standards/marcxml/schema/MARC21slim.xsd"
    xmlns="http://www.loc.gov/MARC21/slim">

  <leader>01027nam a2200241 i 4500</leader>
  <controlfield tag="001">41824</controlfield>
  <controlfield tag="003">ES-MaACL</controlfield>
  <controlfield tag="005">20251012192025.0</controlfield>
  <controlfield tag="007">t|</controlfield>
  <controlfield tag="008">030311m19191932sp           ||||1| spa d</controlfield>
  <datafield tag="100" ind1="1" ind2=" ">
    <subfield code="a">Casares Gil, Antonio.</subfield>
    <subfield code="9">36165</subfield>
  </datafield>
  <datafield tag="245" ind1="1" ind2="0">
    <subfield code="a">Briofitas... hep&#xE1;ticas [musgos parte primera] / </subfield>
    <subfield code="c">por A. Casares-Gil ; [con una nota biogr&#xE1;fica y un cap&#xED;tulo de generalidades por A. Caballero Segares].</subfield>
  </datafield>
  <datafield tag="260" ind1=" " ind2=" ">
    <subfield code="a">Madrid : </subfield>
    <subfield code="b">Museo Nacional de Ciencias Naturales, </subfield>
    <subfield code="c">1919-1932 (</subfield>
    <subfield code="f">Suc. de Hern&#xE1;ndo)</subfield>
  </datafield>
  <datafield tag="300" ind1=" " ind2=" ">
    <subfield code="a">2 v., 5 l&#xE1;m. col. : </subfield>
    <subfield code="b">retr. aut. ; </subfield>
    <subfield code="c">24 cm.</subfield>
  </datafield>
  <datafield tag="490" ind1="1" ind2=" ">
    <subfield code="a">Flora ib&#xE9;rica</subfield>
  </datafield>
  <datafield tag="594" ind1=" " ind2=" ">
    <subfield code="a">Precede al t&#xED;t.: Junta para Ampliaci&#xF3;n de Estudios e Investigaciones Cient&#xED;ficas, Instituto Nacional de Ciencias.</subfield>
  </datafield>
  <datafield tag="650" ind1=" " ind2="4">
    <subfield code="a">Briofitos-</subfield>
    <subfield code="z">Espa&#xF1;a.</subfield>
    <subfield code="9">169050</subfield>
  </datafield>
  <datafield tag="700" ind1="1" ind2=" ">
    <subfield code="a">Caballero y Segares, Arturo</subfield>
    <subfield code="9">33070</subfield>
  </datafield>
  <datafield tag="710" ind1="2" ind2=" ">
    <subfield code="a">Museo Nacional de Ciencias Naturales (Espa&#xF1;a)</subfield>
    <subfield code="9">5897</subfield>
  </datafield>
  <datafield tag="830" ind1="0" ind2=" ">
    <subfield code="a">Flora ib&#xE9;rica</subfield>
    <subfield code="9">229807</subfield>
  </datafield>
  <datafield tag="852" ind1=" " ind2=" ">
    <subfield code="a">ES-MaACL</subfield>
    <subfield code="j">D-8716-17 </subfield>
    <subfield code="b">R.10948</subfield>
  </datafield>
  <datafield tag="999" ind1=" " ind2=" ">
    <subfield code="c">41824</subfield>
    <subfield code="d">41824</subfield>
  </datafield>
  <datafield tag="952" ind1=" " ind2=" ">
    <subfield code="0">0</subfield>
    <subfield code="1">0</subfield>
    <subfield code="4">0</subfield>
    <subfield code="7">0</subfield>
    <subfield code="a">ATENEOM</subfield>
    <subfield code="b">ATENEOM</subfield>
    <subfield code="c">SVI</subfield>
    <subfield code="d">2008-01-17</subfield>
    <subfield code="e">SC</subfield>
    <subfield code="l">0</subfield>
    <subfield code="o">D-8716-17</subfield>
    <subfield code="p">901044029</subfield>
    <subfield code="r">2023-02-23 00:00:00</subfield>
    <subfield code="w">2023-02-23</subfield>
    <subfield code="y">MONOGRAFIA</subfield>
  </datafield>
</record>
